000 01133nam a22002777a 4500
003 dpl
005 20180705122819.0
008 180705b xxu||||| |||| 00| 0 eng d
010 _aA-656427
020 _c00.00
035 _aA-656427, A-656434
037 _bCen Lib/Ret
040 _aDPL
_bHN
_c0
082 _a
_bशर्माओ
100 _aशर्मा, ओमप्रकाश
_968571
245 _aकैदी नम्बर तीन सौ पच्चीस /
_cओमप्रकाश शर्मा
246 _aKaidi number teen sau pachchis /
_bby Om Prakash Sharma
260 _aकानपुर
_bविनय प्रकाशन
_c1992
270 _a118/167 गुमटी नं० 5
_bकानपुर
_e208012
300 _a95पृ.
_c20सेमी(सजिल्द )
650 _aहिंदी साहित्य
_x
_z
_968572
650 _aहिंदी साहित्य--लघु कथाएँ
_968573
650 _aHindi literature
_v
_968574
650 _aHindi literature--Short Stories
_968575
942 _2ddc
_cHN
_h
_mशर्माओ
999 _c116840
_d116840